[Event "Stuttgarter Stadtmeisterschaft"]
[Site "Ditzingen"]
[Date "2008.05.01"]
[Round "1.29"]
[White "Tölg, Wolfgang"]
[Black "Giugno, Carmelo"]
[Result "1-0"]
[WhiteElo "1721"]
[BlackElo "1503"]
[PlyCount "55"]
[EventDate "2008.05.??"]
[EventType "swiss"]
[EventRounds "7"]
[EventCountry "GER"]

1. e4 e6 2. d4 d5 3. e5 c5 4. c3 Nd7 5. Nf3 Ne7 6. Be2 Ng6 7. O-O a6 8. a3 b5
9. b4 cxd4 10. cxd4 Bb7 11. h3 Rc8 12. Nbd2 Nf4 13. Nb3 Nxe2+ 14. Qxe2 Nb6 15.
Nc5 Bxc5 16. bxc5 Nc4 17. Bd2 f6 18. a4 fxe5 19. Nxe5 O-O 20. axb5 axb5 21.
Nxc4 dxc4 22. Qxe6+ Kh8 23. Bc3 Rf6 24. Qe5 Rg6 25. f3 Qd7 26. Kh2 Re8 27. Qf4
Re2 28. Qf8# 1-0

[Event "Stuttgarter Stadtmeisterschaft"]
[Site "Ditzingen"]
[Date "2008.05.01"]
[Round "1.30"]
[White "von Borstel, Andreas"]
[Black "Philippin, Otto"]
[Result "0-1"]
[WhiteElo "1496"]
[BlackElo "1721"]
[PlyCount "38"]
[EventDate "2008.05.??"]
[EventType "swiss"]
[EventRounds "7"]
[EventCountry "GER"]
[WhiteTeam "Schachclub Ingersheim eV"]
[BlackTeam "SVG Vaihingen/Enz"]

1. Nf3 d5 2. b3 Bg4 3. e3 e5 4. Be2 e4 5. Ng1 Bxe2 6. Nxe2 f5 7. Bb2 Nf6 8.
Nbc3 c6 9. d3 Bd6 10. Qd2 O-O 11. O-O Bxh2+ 12. Kxh2 Ng4+ 13. Kg1 Qh4 14. Rfe1
Qxf2+ 15. Kh1 Rf6 16. Ng1 Qg3 17. Nf3 exf3 18. Kg1 Qh2+ 19. Kf1 Qh1# 0-1

[Event "Stuttgarter Stadtmeisterschaft"]
[Site "Ditzingen"]
[Date "2008.05.01"]
[Round "1.32"]
[White "Weisensel, Wolfgang"]
[Black "Wolff, Sidney Robert"]
[Result "1-0"]
[WhiteElo "1485"]
[BlackElo "1715"]
[PlyCount "99"]
[EventDate "2008.05.??"]
[EventType "swiss"]
[EventRounds "7"]
[EventCountry "GER"]

1. c4 f5 2. Nf3 Nf6 3. Nc3 e6 4. g3 b6 5. d3 Bb7 6. Bg2 Bb4 7. a3 Bxc3+ 8. bxc3
O-O 9. O-O Qe8 10. Bf4 d6 11. Ne1 Nc6 12. Nc2 e5 13. Bd2 a5 14. Ne3 Qd7 15. Nd5
Nd8 16. Nxf6+ Rxf6 17. Bg5 Bxg2 18. Kxg2 Rg6 19. Bxd8 Rxd8 20. f4 Qc6+ 21. Kg1
e4 22. dxe4 Qxe4 23. Qd5+ Re6 24. Rae1 Rde8 25. Rf2 c6 26. Qd4 Qe3 27. Rd1 Rd8
28. Kf1 Qe4 29. Qxe4 fxe4 30. e3 Kf7 31. Rb2 Rb8 32. Rdb1 d5 33. Rxb6 Rxb6 34.
Rxb6 c5 35. Rb7+ Kf6 36. cxd5 Rd6 37. c4 h6 38. Rb5 g5 39. Rxa5 Rb6 40. fxg5+
Kxg5 41. Rxc5 Rb1+ 42. Kf2 Rb2+ 43. Kg1 Kg4 44. Rb5 Re2 45. d6 Kf3 46. Rf5+
Kxe3 47. d7 h5 48. d8=Q h4 49. Qb8 Kd3 50. Qb3+ 1-0

[Event "Stuttgarter Stadtmeisterschaft"]
[Site "Ditzingen"]
[Date "2008.05.01"]
[Round "1.33"]
[White "Helfrich, Leo"]
[Black "Naundorf, Jo-Jan"]
[Result "1-0"]
[WhiteElo "1712"]
[BlackElo "1479"]
[PlyCount "81"]
[EventDate "2008.05.??"]
[EventType "swiss"]
[EventRounds "7"]
[EventCountry "GER"]
[WhiteTeam "SC Pforzheim 1906"]
[BlackTeam "SF Oeffingen e.V."]

1. d4 f5 2. Nf3 Nf6 3. Bf4 e6 4. e3 Be7 5. Bd3 d6 6. Nbd2 O-O 7. c3 a5 8. a4
Na6 9. Qb3 d5 10. O-O c5 11. Qc2 c4 12. Be2 Nc7 13. b3 cxb3 14. Qxb3 Bd6 15.
Ne5 Ne4 16. Nxe4 fxe4 17. f3 exf3 18. Rxf3 Ne8 19. Raf1 Nf6 20. c4 Ne4 21. Qc2
Bb4 22. Bd3 Bd7 23. Nxd7 Qxd7 24. Bxe4 dxe4 25. Qxe4 Rfe8 26. Rh3 g6 27. Rg3 b6
28. Be5 Bf8 29. h4 Ra7 30. h5 Re7 31. hxg6 hxg6 32. Rxg6+ Bg7 33. Bxg7 Rxg7 34.
Qxe6+ Qxe6 35. Rxe6 Rac7 36. Rc1 Rg3 37. Kf2 Rcg7 38. Rg1 R3g6 39. Rxg6 Rxg6
40. Rb1 Kf7 41. Rb5 1-0

[Event "Stuttgarter Stadtmeisterschaft"]
[Site "Ditzingen"]
[Date "2008.05.01"]
[Round "1.34"]
[White "Awiszus, Thomas"]
[Black "Stadler, Marcus"]
[Result "0-1"]
[WhiteElo "1475"]
[BlackElo "1707"]
[PlyCount "106"]
[EventDate "2008.05.??"]
[EventType "swiss"]
[EventRounds "7"]
[EventCountry "GER"]

1. Nf3 Nf6 2. c4 g6 3. Nc3 d5 4. d4 Bg7 5. cxd5 Nxd5 6. e4 Nxc3 7. bxc3 c5 8.
Be3 Nc6 9. Qd2 O-O 10. h3 Qa5 11. Rc1 Rd8 12. Rc2 b6 13. Be2 Ba6 14. d5 e6 15.
c4 Nb4 16. Rc1 Qxa2 17. O-O exd5 18. exd5 Qxd2 19. Bxd2 Nxd5 20. Ra1 Bxa1 21.
Rxa1 Bb7 22. cxd5 Bxd5 23. Be3 a5 24. Bb5 Rdc8 25. Ne5 f6 26. Nc4 Bxc4 27.
Bxc4+ Kg7 28. Rb1 Rab8 29. Bf4 f5 30. Bxb8 Rxb8 31. f4 Kf8 32. Bb5 Ke7 33. Rd1
Rd8 34. Rxd8 Kxd8 35. Kf2 Ke7 36. g4 fxg4 37. hxg4 Kd6 38. Ke3 Kd5 39. Kd3 h5
40. g5 h4 41. Be8 h3 42. Bxg6 c4+ 43. Ke3 a4 44. Be4+ Ke6 45. f5+ Ke5 46. g6
Kf6 47. Kd4 a3 48. Kc3 b5 49. Kc2 h2 50. Kb1 c3 51. Bd5 b4 52. Bh1 b3 53. Be4
c2+ 0-1

[Event "Stuttgarter Stadtmeisterschaft"]
[Site "Ditzingen"]
[Date "2008.05.01"]
[Round "1.35"]
[White "Koss, Dietrich"]
[Black "Haro, Niel"]
[Result "1-0"]
[WhiteElo "1700"]
[BlackElo "1475"]
[PlyCount "61"]
[EventDate "2008.05.??"]
[EventType "swiss"]
[EventRounds "7"]
[EventCountry "GER"]

1. e4 e5 2. f4 d6 3. Bc4 Nf6 4. Nc3 Nbd7 5. Nf3 h6 6. O-O Nb6 7. Bb3 Bg4 8.
fxe5 dxe5 9. Bxf7+ Ke7 10. Bb3 c5 11. d3 Qd7 12. Qe1 Bxf3 13. Rxf3 Kd8 14. Qh4
Qe7 15. Be3 Kc7 16. Nb5+ Kc6 17. a4 a5 18. Raf1 Nbd7 19. c3 Kb6 20. d4 exd4 21.
cxd4 Nxe4 22. dxc5+ Nexc5 23. Qd4 Qe5 24. Qxd7 Qxe3+ 25. Rxe3 Nxd7 26. Re6+ Kc5
27. Rc1+ Kb4 28. Nd4 b5 29. axb5 a4 30. Rc4+ Ka5 31. Rxa4# 1-0

[Event "Stuttgarter Stadtmeisterschaft"]
[Site "Ditzingen"]
[Date "2008.05.01"]
[Round "1.36"]
[White "Wendland, Viktor"]
[Black "Kaulich, Philipp Theodor"]
[Result "1/2-1/2"]
[WhiteElo "1469"]
[BlackElo "1697"]
[PlyCount "104"]
[EventDate "2008.05.??"]
[EventType "swiss"]
[EventRounds "7"]
[EventCountry "GER"]

1. d4 e6 2. c4 Nf6 3. Nc3 Bb4 4. a3 Bxc3+ 5. bxc3 O-O 6. Nf3 c5 7. Bg5 Qa5 8.
Qc2 Ne4 9. Bd2 f5 10. e3 b6 11. Be2 Bb7 12. O-O d6 13. a4 Nd7 14. Ne1 Bc6 15.
Nd3 Qa6 16. Be1 Qc8 17. Nf4 Qe8 18. d5 exd5 19. cxd5 Bb7 20. c4 Ne5 21. Ne6 Rf7
22. f4 Ng6 23. Bd3 Nf8 24. Bxe4 fxe4 25. f5 Nxe6 26. fxe6 Rxf1+ 27. Kxf1 Qf8+
28. Bf2 Qf5 29. Kg1 Rf8 30. Rb1 Ba6 31. Bg3 Rd8 32. Rf1 Qg6 33. Rf7 Rf8 34.
Rxf8+ Kxf8 35. Bxd6+ Ke8 36. Bb8 Qf6 37. Bxa7 Qa1+ 38. Kf2 Qf6+ 39. Ke1 Qa1+
40. Kd2 Qg1 41. Qxe4 Qf2+ 42. Kc3 Qe1+ 43. Kc2 Qe2+ 44. Kb3 Qd1+ 45. Kb2 Qd2+
46. Qc2 Qb4+ 47. Qb3 Qd2+ 48. Ka3 Qc1+ 49. Qb2 Qxe3+ 50. Qb3 Qc1+ 51. Qb2 Qe3+
52. Qb3 Qc1+ 1/2-1/2

[Event "Stuttgarter Stadtmeisterschaft"]
[Site "Ditzingen"]
[Date "2008.05.01"]
[Round "1.37"]
[White "Daur, Wolfgang"]
[Black "Parvin, Shahram"]
[Result "1-0"]
[WhiteElo "1696"]
[BlackElo "1467"]
[PlyCount "35"]
[EventDate "2008.05.??"]
[EventType "swiss"]
[EventRounds "7"]
[EventCountry "GER"]
[WhiteTeam "SC Steinhaldenfeld"]
[BlackTeam "SK Ricklingen"]

1. e4 e5 2. Nf3 Nc6 3. Bc4 Bc5 4. c3 d6 5. h3 a6 6. d4 exd4 7. cxd4 b5 8. Bxf7+
Kxf7 9. dxc5 Qe7 10. Qd5+ Be6 11. Qxc6 Nf6 12. Ng5+ Kg6 13. cxd6 cxd6 14. e5
Bd5 15. Qc2+ Kh5 16. Qe2+ Kg6 17. Qd3+ Kh5 18. g4+ 1-0

[Event "Stuttgarter Stadtmeisterschaft"]
[Site "Ditzingen"]
[Date "2008.05.01"]
[Round "1.38"]
[White "Matic, Marijo"]
[Black "Potthast, Christian"]
[Result "0-1"]
[WhiteElo "1462"]
[BlackElo "1691"]
[PlyCount "72"]
[EventDate "2008.05.??"]
[EventType "swiss"]
[EventRounds "7"]
[EventCountry "GER"]

1. e4 c6 2. d4 d5 3. Nc3 dxe4 4. Nxe4 Nf6 5. Nxf6+ gxf6 6. Bf4 Qb6 7. b3 e5 8.
dxe5 fxe5 9. Be3 Bb4+ 10. Bd2 Bf5 11. Bxb4 Qxb4+ 12. Qd2 Qe4+ 13. Qe2 Qxe2+ 14.
Nxe2 Bxc2 15. Rc1 Bg6 16. Nc3 Nd7 17. Be2 O-O-O 18. O-O Kb8 19. Rfd1 Nc5 20.
Rxd8+ Rxd8 21. Rd1 Rxd1+ 22. Bxd1 Ne4 23. Nxe4 Bxe4 24. f3 Bg6 25. g4 Kc7 26.
Kf2 Kd6 27. Ke3 Kd5 28. Be2 b5 29. h4 f6 30. f4 exf4+ 31. Kxf4 Kd4 32. g5 fxg5+
33. hxg5 a6 34. Bg4 c5 35. Bf5 c4 36. bxc4 bxc4 0-1

[Event "Stuttgarter Stadtmeisterschaft"]
[Site "Ditzingen"]
[Date "2008.05.01"]
[Round "1.39"]
[White "Helmbrecht, Kurt"]
[Black "Gheng, Hannelore"]
[Result "1-0"]
[WhiteElo "1690"]
[BlackElo "1459"]
[PlyCount "61"]
[EventDate "2008.05.??"]
[EventType "swiss"]
[EventRounds "7"]
[EventCountry "GER"]

1. e4 c5 2. Nf3 d6 3. d4 cxd4 4. Nxd4 Nf6 5. Nc3 g6 6. Be2 Bg7 7. Be3 O-O 8.
O-O Nc6 9. f4 Qb6 10. Na4 Qb4 11. c3 Qa5 12. b4 Qd8 13. Bf3 d5 14. e5 Ne4 15.
Bxe4 dxe4 16. Nc5 f5 17. Qb3+ Kh8 18. Rfd1 Qe8 19. Nde6 Bxe6 20. Nxe6 Rg8 21.
Nc7 Qc8 22. Nxa8 Qxa8 23. Rd7 Qc8 24. Rad1 Rd8 25. Qd5 Rxd7 26. Qxd7 Qb8 27. b5
Nxe5 28. Qd8+ Qxd8 29. Rxd8+ Bf8 30. fxe5 Kg7 31. Bxa7 1-0

[Event "Stuttgarter Stadtmeisterschaft"]
[Site "Ditzingen"]
[Date "2008.05.01"]
[Round "1.40"]
[White "Grözinger, Werner"]
[Black "Trobonjaca, Milos"]
[Result "1-0"]
[WhiteElo "1451"]
[BlackElo "1687"]
[PlyCount "146"]
[EventDate "2008.05.??"]
[EventType "swiss"]
[EventRounds "7"]
[EventCountry "GER"]

1. d4 d5 2. Nf3 Bf5 3. Nc3 Nc6 4. a3 Nf6 5. h3 g6 6. Bf4 a6 7. Nh4 Be6 8. e3
Bg7 9. Bd3 O-O 10. Nf3 Nh5 11. Bh2 Na5 12. Ng5 Bc8 13. O-O Bf6 14. Nf3 Nc4 15.
Bxc4 dxc4 16. a4 c6 17. Nd2 Be6 18. Nce4 Bg7 19. Nc5 Qc8 20. g4 Nf6 21. Qe2 b5
22. c3 h5 23. Nxe6 Qxe6 24. f3 Bh6 25. e4 Nh7 26. f4 f5 27. g5 Bg7 28. e5 Rfe8
29. Nf3 Nf8 30. Rfd1 Red8 31. a5 Rd5 32. Ne1 Rdd8 33. Nc2 Rdc8 34. Qf3 Kh7 35.
Nb4 Qd7 36. Kg2 e6 37. Bg1 Qe8 38. Rab1 Rc7 39. b3 cxb3 40. Rxb3 Qc8 41. h4
Rca7 42. d5 cxd5 43. Bxa7 Rxa7 44. Qe3 Rc7 45. Rc1 Nd7 46. Ra3 Rc4 47. Na2 Nc5
48. Nb4 Ne4 49. Na2 d4 50. cxd4 Qf8 51. Rxc4 bxc4 52. Qc1 Qa8 53. Rf3 Qd5 54.
Nc3 Qxd4 55. Nxe4 Qxe4 56. Kg3 Qd4 57. Rc3 Bf8 58. Rxc4 Qd3+ 59. Kg2 Qe2+ 60.
Kg1 Qg4+ 61. Kf1 Qh3+ 62. Ke2 Qxh4 63. Rc7+ Bg7 64. Qc4 Qh2+ 65. Kd3 Qg3+ 66.
Kc2 Qf2+ 67. Kb3 Qf3+ 68. Kb4 h4 69. Rxg7+ Kxg7 70. Qc7+ Kf8 71. Qd8+ Kg7 72.
Qe7+ Kh8 73. Qf6+ Kh7 {Rest fehlt} 1-0

[Event "Stuttgarter Stadtmeisterschaft"]
[Site "Ditzingen"]
[Date "2008.05.01"]
[Round "1.41"]
[White "Haubensak, Harald"]
[Black "Mainik, Philipp"]
[Result "1-0"]
[WhiteElo "1675"]
[BlackElo "1437"]
[PlyCount "93"]
[EventDate "2008.05.??"]
[EventType "swiss"]
[EventRounds "7"]
[EventCountry "GER"]

1. Nf3 d5 2. e3 g6 3. Be2 Bg7 4. Nc3 Nf6 5. O-O O-O 6. b3 Nc6 7. Bb2 e5 8. Bb5
Re8 9. Ne2 Qd6 10. Ng3 a6 11. Bxc6 bxc6 12. Qc1 a5 13. d3 Bh6 14. a4 c5 15. c4
d4 16. Ne4 Nxe4 17. dxe4 Bb7 18. Qe1 Bxe4 19. exd4 exd4 20. Qd1 Bf4 21. g3 Bh6
22. Bc1 Bxc1 23. Rxc1 Bb7 24. Nd2 Qc6 25. f3 Re3 26. Kg2 Rae8 27. Rf2 f5 28. h4
h6 29. Qc2 Qe6 30. Rh1 Re2 31. Rhf1 Rxf2+ 32. Rxf2 g5 33. hxg5 hxg5 34. Kg1 Kg7
35. Nf1 Qg6 36. Qd2 Ra8 37. Qb2 Kf7 38. Nh2 Ke7 39. Qb1 Kd6 40. Qd3 Qf7 41. Nf1
Kc6 42. Rh2 Re8 43. Qd2 Qf6 44. Qxa5 Kd7 45. Qxc5 Kc8 46. Rh7 Qb6 47. Qxf5+ 1-0

[Event "Stuttgarter Stadtmeisterschaft"]
[Site "Ditzingen"]
[Date "2008.05.01"]
[Round "1.42"]
[White "Sigmund, Wolfgang"]
[Black "Botond, Laszlo"]
[Result "0-1"]
[WhiteElo "1436"]
[BlackElo "1670"]
[PlyCount "104"]
[EventDate "2008.05.??"]
[EventType "swiss"]
[EventRounds "7"]
[EventCountry "GER"]

1. d4 f5 2. Nf3 Nf6 3. Bf4 e6 4. e3 d5 5. Nbd2 Nbd7 6. c4 c6 7. Rc1 Be7 8. Be2
O-O 9. Ne5 Ne4 10. Nxd7 Bxd7 11. f3 Nxd2 12. Qxd2 Bh4+ 13. g3 Bf6 14. Qb4 Bc8
15. c5 Re8 16. Be5 Bxe5 17. dxe5 Qc7 18. f4 b6 19. Kf2 Bd7 20. Rc2 Reb8 21.
Rhc1 a5 22. Qa3 Be8 23. h4 h6 24. cxb6 Rxb6 25. Rc5 Rb4 26. R1c2 Qb6 27. Qc3
Rb8 28. b3 Qa7 29. Bd1 g5 30. hxg5 hxg5 31. Qe1 a4 32. Qh1 axb3 33. axb3 Qg7
34. Ra2 d4 35. exd4 gxf4 36. gxf4 Rxd4 37. Ra4 Rd2+ 38. Ke3 Rbd8 39. Be2 Qg3+
40. Qf3 Qxf3+ 41. Kxf3 Bh5+ 42. Kg3 Bxe2 43. Ra7 Bf3 44. Rc3 Bd5 45. Kh4 Rg2
46. b4 Rb8 47. Rca3 Rg7 48. Rxg7+ Kxg7 49. Kg5 Rb7 50. Ra8 Kf7 51. Rd8 Ke7 52.
Rh8 Rxb4 0-1

[Event "Stuttgarter Stadtmeisterschaft"]
[Site "Ditzingen"]
[Date "2008.05.01"]
[Round "1.43"]
[White "Meyer, Walter"]
[Black "Cummings, Orlyn"]
[Result "0-1"]
[WhiteElo "1664"]
[BlackElo "1429"]
[PlyCount "46"]
[EventDate "2008.05.??"]
[EventType "swiss"]
[EventRounds "7"]
[EventCountry "GER"]

1. d4 Nf6 2. Nf3 g6 3. c4 Bg7 4. Nc3 d6 5. e3 O-O 6. Bd3 Nc6 7. O-O e5 8. a3 a5
9. d5 Ne7 10. e4 Ne8 11. Be3 f5 12. exf5 gxf5 13. Be2 Kh8 14. Bg5 Bf6 15. Bxf6+
Nxf6 16. Nd2 Rg8 17. f3 Ng6 18. Rf2 Nf4 19. Kh1 Qf8 20. Bf1 Qh6 21. Qe1 N6h5
22. c5 Ng3+ 23. Kg1 Nh3+ 0-1

[Event "Stuttgarter Stadtmeisterschaft"]
[Site "Ditzingen"]
[Date "2008.05.01"]
[Round "1.44"]
[White "Wendland, Tobias"]
[Black "Lautenbach, Ulrich"]
[Result "0-1"]
[WhiteElo "1423"]
[BlackElo "1663"]
[PlyCount "72"]
[EventDate "2008.05.??"]
[EventType "swiss"]
[EventRounds "7"]
[EventCountry "GER"]
[WhiteTeam "SV Backnang"]
[BlackTeam "SK Röss'l Muggensturm"]

1. d4 c6 2. c4 d5 3. Nc3 Nf6 4. Nf3 e6 5. Bg5 h6 6. Bh4 Be7 7. e3 Nbd7 8. Bd3
dxc4 9. Bxc4 Nb6 10. Bd3 Nfd5 11. Bxe7 Qxe7 12. O-O Nd7 13. Qe2 Nxc3 14. bxc3
e5 15. Rab1 e4 16. Bc4 exf3 17. Qxf3 Nb6 18. Bd3 Be6 19. Qe2 O-O 20. Rfc1 Rab8
21. h3 Qg5 22. Qf3 Nc4 23. Rd1 f5 24. Qe2 Nd6 25. Kh2 Ne4 26. Rdc1 Qe7 27. Qc2
b6 28. Kg1 Ng5 29. Rb2 f4 30. Qd2 f3 31. g3 Bxh3 32. Bc4+ Kh8 33. Rcb1 Qe8 34.
Bd3 Qh5 35. Bf1 Bxf1 36. Qe1 Bg2 0-1

[Event "Stuttgarter Stadtmeisterschaft"]
[Site "Ditzingen"]
[Date "2008.05.01"]
[Round "1.45"]
[White "Ziegler, Michael"]
[Black "Hamm, Lukas"]
[Result "1-0"]
[WhiteElo "1662"]
[BlackElo "1418"]
[PlyCount "69"]
[EventDate "2008.05.??"]
[EventType "swiss"]
[EventRounds "7"]
[EventCountry "GER"]

1. e4 e5 2. Nf3 Nc6 3. d4 exd4 4. Nxd4 Bc5 5. c3 Qf6 6. Be3 Nge7 7. Be2 d6 8.
O-O Bb6 9. Qd2 h6 10. Na3 a6 11. Nc4 Ba7 12. a4 O-O 13. f4 Nxd4 14. cxd4 d5 15.
e5 Qe6 16. Na3 Nf5 17. Bf2 Qg6 18. Kh1 h5 19. Qd1 h4 20. Nc2 Qh6 21. Be1 Be6
22. Ra3 Rac8 23. Bg4 c6 24. Bxf5 Bxf5 25. Ne3 Be4 26. Ng4 Qh7 27. Rh3 Qg6 28.
Rxh4 Bf5 29. Ne3 Be4 30. Rg4 Qh6 31. Rg5 Qh3 32. Rg3 Qh6 33. Ng4 Qh4 34. Nf6+
Kh8 35. Nxe4 1-0

[Event "Stuttgarter Stadtmeisterschaft"]
[Site "Ditzingen"]
[Date "2008.05.01"]
[Round "1.47"]
[White "Schuhmacher, Jakob"]
[Black "Wolf, Adam"]
[Result "1-0"]
[WhiteElo "1657"]
[BlackElo "1398"]
[PlyCount "43"]
[EventDate "2008.05.??"]
[EventType "swiss"]
[EventRounds "7"]
[EventCountry "GER"]

1. d4 Nf6 2. Nf3 g6 3. c4 Bg7 4. Nc3 O-O 5. e4 d6 6. Be2 c6 7. O-O Nbd7 8. h3
e5 9. d5 cxd5 10. cxd5 Ne8 11. Bg5 f6 12. Bd2 f5 13. Ng5 Ndf6 14. Ne6 Bxe6 15.
dxe6 fxe4 16. Qb3 Qe7 17. Bg5 h6 18. Nd5 Qxe6 19. Ne7+ Kf7 20. Bc4 d5 21. Nxd5
Qd6 22. Nxf6+ 1-0

[Event "Stuttgarter Stadtmeisterschaft"]
[Site "Ditzingen"]
[Date "2008.05.01"]
[Round "1.48"]
[White "Lin, Jean-Claude"]
[Black "Novak, Josua"]
[Result "1/2-1/2"]
[WhiteElo "1396"]
[BlackElo "1653"]
[PlyCount "36"]
[EventDate "2008.05.??"]
[EventType "swiss"]
[EventRounds "7"]
[EventCountry "GER"]

1. e4 c5 2. Nf3 g6 3. d4 cxd4 4. Nxd4 Bg7 5. Nc3 Nc6 6. Be3 Nf6 7. Qd2 d5 8.
Bb5 Bd7 9. exd5 Nb4 10. Bh6 Bxh6 11. Qxh6 Bxb5 12. Ncxb5 Nbxd5 13. O-O a6 14.
Nc3 Nxc3 15. bxc3 Qc7 16. Ne2 Ng4 17. Qh4 h5 18. Rad1 O-O 1/2-1/2

[Event "Stuttgarter Stadtmeisterschaft"]
[Site "Ditzingen"]
[Date "2008.05.01"]
[Round "1.50"]
[White "Riasanow, Nikita"]
[Black "Ilzhöfer, Karl-Heinz"]
[Result "1-0"]
[WhiteElo "1259"]
[BlackElo "1646"]
[PlyCount "63"]
[EventDate "2008.05.??"]
[EventType "swiss"]
[EventRounds "7"]
[EventCountry "GER"]

1. e4 e6 2. d3 c5 3. g3 Nc6 4. Bg2 d5 5. Nc3 d4 6. Nce2 e5 7. f4 Nf6 8. Nf3 Bd6
9. O-O O-O 10. fxe5 Nxe5 11. c3 Bg4 12. cxd4 cxd4 13. Kh1 Nxf3 14. Bxf3 Bh3 15.
Bg2 Bxg2+ 16. Kxg2 Be5 17. h3 Qc7 18. Bf4 Bxf4 19. Rxf4 Rad8 20. Rc1 Qa5 21.
Qb3 b6 22. Rf5 Qd2 23. Rc2 Qe3 24. Rf3 Qh6 25. Rc4 Qd2 26. Rf2 Qe3 27. Qd1 Qg5
28. Nxd4 Rd7 29. Nf5 Rfd8 30. h4 Qg4 31. Qf1 Rxd3 32. Qxd3 1-0

[Event "Stuttgarter Stadtmeisterschaft"]
[Site "Ditzingen"]
[Date "2008.05.01"]
[Round "1.51"]
[White "Schreiber, Stephan"]
[Black "Stiller, Norbert"]
[Result "1-0"]
[WhiteElo "1646"]
[BlackElo "1239"]
[PlyCount "35"]
[EventDate "2008.05.??"]
[EventType "swiss"]
[EventRounds "7"]
[EventCountry "GER"]

1. e4 d6 2. d4 Nf6 3. Nc3 g6 4. Be2 Bg7 5. h4 Nbd7 6. h5 O-O 7. hxg6 fxg6 8.
Bh6 e5 9. Bxg7 Kxg7 10. Nf3 Ng4 11. Qd2 Qf6 12. Nd5 Qd8 13. Ng5 Ndf6 14. Bxg4
Bxg4 15. Nxf6 Rxf6 16. Rxh7+ Kg8 17. f3 Qf8 18. O-O-O 1-0

[Event "Stuttgarter Stadtmeisterschaft"]
[Site "Ditzingen"]
[Date "2008.05.01"]
[Round "1.46"]
[White "Domingos, Antonio"]
[Black "Holschke, Christian"]
[Result "0-1"]
[WhiteElo "1410"]
[BlackElo "1661"]
[PlyCount "92"]
[EventDate "2008.05.??"]
[EventType "swiss"]
[EventRounds "7"]
[EventCountry "GER"]
[WhiteTeam "SK Bietigheim-Bissingen"]
[BlackTeam "SC Neckarsulm e.V."]

1. e4 e5 2. Nf3 Nc6 3. Bb5 a6 4. Ba4 Nf6 5. O-O Bc5 6. c3 b5 7. Bc2 d6 8. h3
Ne7 9. d4 exd4 10. cxd4 Bb6 11. Bg5 Nd7 12. a4 Bb7 13. Re1 f6 14. Bh4 O-O 15.
Qd3 Ng6 16. Bg3 Bc6 17. d5 Nde5 18. Qc3 Nxf3+ 19. Qxf3 Ne5 20. Qc3 Bd7 21. Nd2
Rb8 22. Nf3 b4 23. Qb3 a5 24. Re2 Qe8 25. Kh1 Qh5 26. Ng1 Kh8 27. Kh2 Bd4 28.
Bd1 Qh6 29. Rc2 Rbc8 30. Bxe5 fxe5 31. Qg3 Rf6 32. Bg4 Rg6 33. f3 Qe3 34. Qh4
Bxg4 35. fxg4 Rf6 36. Rac1 b3 37. Re2 Qxc1 38. Re1 Bxg1+ 39. Rxg1 Qf4+ 40. Kh1
Qxe4 41. Qg3 Qxa4 42. g5 Rf4 43. Qd3 Qc4 44. Qd2 a4 45. Rc1 Rf1+ 46. Rxf1 Qxf1+
0-1

[Event "Stuttgarter Stadtmeisterschaft"]
[Site "Ditzingen"]
[Date "2008.05.01"]
[Round "1.20"]
[White "Ruff, Robert"]
[Black "Schnorr, Elke"]
[Result "1-0"]
[WhiteElo "1566"]
[BlackElo "1739"]
[PlyCount "81"]
[EventDate "2008.05.??"]
[EventType "swiss"]
[EventRounds "7"]
[EventCountry "GER"]
[WhiteTeam "SC Gross-Sachsenheim"]
[BlackTeam "SV Wolfbusch"]

1. d4 Nf6 2. c4 e5 3. e3 exd4 4. exd4 Be7 5. Nc3 O-O 6. Nf3 d6 7. Be2 Bf5 8.
O-O Nc6 9. a3 Re8 10. d5 Ne5 11. Nd4 Bd7 12. f4 Ng6 13. Bd3 c6 14. Nf5 cxd5 15.
cxd5 Bxf5 16. Bxf5 Qb6+ 17. Kh1 Bf8 18. Qd3 Ne7 19. b4 Nxf5 20. Qxf5 Rac8 21.
Bb2 Qe3 22. h3 Rxc3 23. Rf3 Qe4 24. Qxe4 Nxe4 25. Bxc3 Nxc3 26. Rxc3 g5 27. Rg3
Bg7 28. Rxg5 Kf8 29. Rc1 Bh6 30. Rg4 Re3 31. Rc8+ Re8 32. Rxe8+ Kxe8 33. Rg8+
Ke7 34. g3 Kf6 35. Re8 b5 36. Kg2 Kf5 37. Kf3 Bg7 38. g4+ Kg6 39. Ra8 h5 40.
Rxa7 hxg4+ 41. hxg4 1-0

[Event "Stuttgarter Stadtmeisterschaft"]
[Site "Ditzingen"]
[Date "2008.05.01"]
[Round "1.31"]
[White "Schömbs, Oliver"]
[Black "Zimmermann, Ulrich"]
[Result "1-0"]
[WhiteElo "1719"]
[BlackElo "1493"]
[PlyCount "61"]
[EventDate "2008.05.??"]
[EventType "swiss"]
[EventRounds "7"]
[EventCountry "GER"]
[WhiteTeam "Schachclub Ingersheim eV"]
[BlackTeam "Schwarz Weiß Münsingen"]

1. d4 Nf6 2. c4 e6 3. Nf3 b6 4. g3 Bb7 5. Bg2 c5 6. e3 Na6 7. O-O Be7 8. Nc3
O-O 9. Qe2 Nc7 10. Rd1 Qc8 11. a3 Rd8 12. e4 cxd4 13. Nxd4 e5 14. Nf5 Bf8 15.
Bg5 Nce8 16. Nb5 Qb8 17. Bxf6 gxf6 18. Qg4+ Kh8 19. Nbd6 Nxd6 20. Rxd6 Qxd6 21.
Nxd6 Bxd6 22. Rd1 Bc5 23. Rxd7 Ba6 24. Rxf7 Rg8 25. Qf5 Rg6 26. Qd7 Bxc4 27.
Rxh7+ Kg8 28. b4 Bd4 29. Bh3 a6 30. Bf5 Bb5 31. Qf7# 1-0

[Event "Stuttgarter Stadtmeisterschaft"]
[Site "Ditzingen"]
[Date "2008.05.01"]
[Round "1.27"]
[White "Schestibrat, Dennis"]
[Black "Brosig, Michael"]
[Result "1-0"]
[WhiteElo "1727"]
[BlackElo "1504"]
[PlyCount "43"]
[EventDate "2008.05.??"]
[EventType "swiss"]
[EventRounds "7"]
[EventCountry "GER"]
[WhiteTeam "SV Besigheim"]
[BlackTeam "SAbt DJK Stuttgart-Süd"]

1. e4 c5 2. Nc3 d6 3. f4 Nf6 4. Nf3 Nc6 5. Bc4 e6 6. d3 Be7 7. O-O O-O 8. Qe1
d5 9. Bb3 Na5 10. e5 Nxb3 11. exf6 Nxa1 12. fxe7 Qxe7 13. Qd1 Nxc2 14. Qxc2 b6
15. d4 Ba6 16. Re1 c4 17. Ng5 g6 18. f5 Qf6 19. fxe6 Qxd4+ 20. Be3 Qe5 21.
exf7+ Kg7 22. Qf2 1-0

[Event "Stuttgarter Stadtmeisterschaft"]
[Site "Ditzingen"]
[Date "2008.05.01"]
[Round "2.1"]
[White "Bulgrin, Uwe"]
[Black "Helmbrecht, Kurt"]
[Result "1-0"]
[WhiteElo "1840"]
[BlackElo "1690"]
[PlyCount "67"]
[EventDate "2008.05.??"]
[EventType "swiss"]
[EventRounds "7"]
[EventCountry "GER"]

1. f4 e5 2. fxe5 d6 3. exd6 Bxd6 4. Nf3 g5 5. g3 Nc6 6. d4 g4 7. Ne5 Bxe5 8.
dxe5 Qxd1+ 9. Kxd1 Be6 10. Bf4 O-O-O+ 11. Kc1 h6 12. Bg2 Nd4 13. Nc3 Ne7 14.
Be4 Nd5 15. Bd3 Nxf4 16. gxf4 h5 17. Kd2 c5 18. b3 b5 19. Ke1 a6 20. Rd1 h4 21.
Kf2 Kc7 22. Be4 Nf5 23. Bxf5 Bxf5 24. e4 Bc8 25. Nd5+ Kb8 26. c4 Rdg8 27. Rhg1
g3+ 28. hxg3 hxg3+ 29. Ke3 Rh3 30. f5 g2+ 31. Kf2 Rh2 32. Rd3 Rg4 33. Nf6 Rf4+
34. Rf3 1-0